Statistics for Premier League Players By Letter - T

Click here to take the quiz!

General Stats

  • This quiz has been taken 176 times
  • The average score is 10 of 16

Answer Stats

First NameSurnameClub% Correct
YayaTouréManchester City
95%
KoloTouréLiverpool
95%
JohnTerryChelsea
85%
DusanTadicSouthampton
83%
AdamaTraoréAston Villa
83%
AndrosTownsendTottenham Hotspur
82%
KieranTrippierTottenham Hotspur
79%
CheikTiotéNewcastle United
70%
NeilTaylorSwansea City
64%
StevenTaylorNewcastle United
64%
MattTargettSouthampton
51%
FlorianThauvinNewcastle United
46%
AlexanderTetteyNorwich City
43%
JamesTomkinsWest Ham
38%
OlaToivonenSunderland
27%
FranckTabanouSwansea City
20%

Score Distribution

Percentile by Number Answered

Percent of People with Each Score

Your Score History

You have not taken this quiz